Ultimate Food Quiz - Statistics

General Stats
  • This quiz has been taken 661 times
  • The average score is 12 of 19
Answer Stats
Hint Answer % Correct
Which food is more or less a thick nut paste you spread on jelly sandwhiches Peanut Butter
96%
Which drink can you add sugar or cream to to make it less bitter Coffee
84%
Which food consists of beef patties, bread buns, and usually tomatoes, pickles, and onions Hamburger
82%
Which thick drink consists of ice cream, milk, and other flavors, usually served at fast food chains Milkshake
82%
Which food (or sauce) is very thick and comes from a tree, usually used to top pancakes with Maple Syrup
78%
Which fruit is juicy, small, red, and a berry Raspberry
73%
Which drink is yellow, acidy, and a great refresher Lemonade
72%
Which candy is hard and placed on a stick to make it easier to lick Lollipop
68%
Which food is like a small cake, baked in liners and decorated in tasty and colorful frosting Cupcake
66%
Which food is this: They're Japanese noodles usually chicken flavored. Thin and curly noodles. Ramen
66%
Which fruit is purple, round, and juicy Plum
61%
Which Mexican dessert is usually covered in Cinnamon and shaped and twisted like a pole Churro
60%
Which American breakfast pastry comes in many flavors (Ex: S'mores and Strawberry) Pop Tarts
60%
Which food is pink and a food from the sea Shrimp
57%
Which cheese is colored white and is very spicy, usually has pepper in it. Pepper Jack Cheese
40%
Which food is used to give salads a crunch- they're basically hard bread chunks. Crutons
35%
Which bread originates in San Francisco Sourdough
28%
Which food is a Mexican dish you put on tortillas of raw shrimp, lime juice, and tomatos Ceviche
24%
Which food is a traditional French dish of chicken, rolled in swiss cheese and ham Chicken Cordon Bleu
17%
No matching quizzes found
Score Distribution
Percent of People with Each Score
Percentile by Number Answered
Your Score History
You have not taken this quiz